| 000 | 01096nam a22003137a 4500 | ||
|---|---|---|---|
| 003 | CHAP | ||
| 005 | 20220817042121.0 | ||
| 008 | 971013s r 00010 d | ||
| 010 | _a35140 | ||
| 011 | _a36112 | ||
| 035 | _a40231 | ||
| 040 | _cCHAP | ||
| 082 |
_a338.180972 _bM43 |
||
| 110 | _aMéxico. Presidencia de la República | ||
| 245 | _aManual de organización de la administración pública paraestatal | ||
| 260 |
_aMéxico, D.F. : _b(s.e.), _c198 - |
||
| 300 | _av | ||
| 500 | _aLa biblioteca tiene: v.7 Sector agricultura y recursos hidráulicos -- v.12 Sector trabajo y prevision social | ||
| 590 |
_aBATCH-UPD _b10 _c20130110 _lUCH01 _h0336 |
||
| 590 |
_aBATCH-UPD _b10 _c20130410 _lUCH01 _h0009 |
||
| 590 |
_aBATCH-UPD _b10 _c20130914 _lUCH01 _h1302 |
||
| 590 |
_aCONVERSION _b10 _c20130109 _lUCH01 _h1320 |
||
| 650 | 1 | 4 |
_aEmpresas paraestatales. _936657 |
| 650 | 1 | 4 |
_aPolítica agrícola _zMéxico. |
| 901 | _aBK | ||
| 942 | _cLIBRO | ||
| 949 |
_a338.180972 M43 _bBC _cC _d33724000553202 _eC _fv.12 _h59294 _i40231 _si |
||
| 949 |
_a338.180972 M43 _bBC _cC _d33724000553210 _eC _i40231 _si |
||
| 999 |
_c35140 _d35140 |
||